| 000 | 00581nam a2200217Ia 4500 | ||
|---|---|---|---|
| 005 | 20250508165235.0 | ||
| 008 | 008 250505s9999 xx 000 0 eng d | ||
| 020 | _a978-1-4331-1097-9 | ||
| 037 | _aTextBook | ||
| 040 |
_aFEDL _beng _cFEDL |
||
| 041 |
_aeng _2eng |
||
| 084 |
_a301.01, SHI/R _qFEDL |
||
| 100 |
_aShilling Chris _9292361 |
||
| 245 | 0 | _aBody and social theory | |
| 250 | _a3 | ||
| 260 |
_aLondon, UK _bSage Publications Ltd. _c2012 |
||
| 300 | _axv, 313p. | ||
| 365 |
_aGBP _b25.99 |
||
| 942 |
_cTB _h301.01, SHI/R |
||
| 999 |
_c1393998 _d1393998 |
||